[Event "36th Zalakaros Festival 2017"]
[Site "Zalakaros"]
[Date "2017.05.20"]
[Round "3"]
[White "Pacan-Milej, Kosma"]
[Black "Praggnanandhaa R"]
[Result "0-1"]
[WhiteElo "2317"]
[BlackElo "2471"]
[Annotator "TA"]
[PlyCount "90"]
[EventDate "2017.??.??"]
[EventType "swiss"]
[EventCountry "HUN"]
[SourceTitle "playchess.com"]
[Source "ChessBase"]
[SourceQuality "1"]

{[%evp 19,90,0,0,0,3,0,0,-7,-22,-18,22,0,52,57,82,92,97,88,89,81,105,41,110,65,127,143,123,108,104,63,52,0,0,-68,-50,-53,20,51,41,11,11,7,13,0,0,0,0,0,0,0,0,0,0,0,14,0,112,119,145,0,442,440,431,431,535,532,485,390,376,-848,-760,-29985,-29986]} 1. d4 d5 2. c4 e6 3. Nf3 Nf6 4. Nc3 a6 5. cxd5 exd5 6. Bg5 {D37: Queen's Gambit Declined: 5 Bf4} (6. Bf4 Bd6 7. Bg3 O-O 8. e3 Bf5 9. Qb3 Bxg3 10. hxg3 Nc6 11. Be2 Qd6 12. O-O Ne7 13. Ne5 h5 {0-1 (39) Karjakin,S (2783)-Adams,M (2761) Shamkir 2017}) 6... Be6 7. e3 Nbd7 8. Bd3 Bd6 9. Qc2 h6 10. Bh4 O-O {LiveBook: 3 Games} 11. O-O c6 12. Rab1 Qc7 13. b4 Nh5 $146 ({Predecessor:} 13... Rfe8) 14. a4 b5 15. a5 f5 (15... Ndf6 $11) 16. Ne2 $14 g5 17. Bg3 $1 f4 18. exf4 gxf4 {[#]} 19. Bh4 $1 Ng7 20. Nc1 (20. Rfe1 $16) 20... Kh8 (20... Rae8 $14) 21. Bg6 Bf5 ({Black should play} 21... Rg8 $14) 22. Bxf5 $16 Nxf5 23. Nd3 Rae8 24. Rbc1 {Hoping for Rfe1.} Nb8 $1 25. Nde5 (25. Rce1 $14) 25... Qg7 $11 26. Qd2 (26. Kh1 $11) 26... Bxe5 $15 27. dxe5 Nxh4 (27... Nd7 $15 28. Bf6 Nxf6 29. exf6 Rxf6) 28. Nxh4 $11 Rxe5 29. Rfe1 (29. Rce1 $5 {[%cal Re1e5]} Rg5 30. Kh1 $11) 29... Rg5 $1 30. Kh1 {With the idea Re6.} Rg4 31. Nf3 (31. g3 $5 f3 32. Rg1 $11) 31... Rxg2 32. Re6 Rg6 $1 {[%cal Rg6e6]} 33. Rce1 Rxe6 34. Rxe6 {Strongly threatening Ne5.} Qa1+ (34... Rg8 $5 35. Qd4 $8 Kh7 36. Qd3+ Kh8 $11) 35. Kg2 Qg7+ $1 36. Kh1 Nd7 (36... Rg8 $5 37. Qd4 $8 Qxd4 38. Nxd4 Kh7 $11) 37. Rxc6 Nf6 {[#]} ({Don't play} 37... Rg8 $6 38. Qd4 $16) (37... Ne5 $1 $11 {remains equal.} 38. Nxe5 Qxe5) 38. Qd4 $1 $16 {[%mdl 1024] White has strong compensation.} Kh7 {aiming for ...Rg8.} 39. Qe5 (39. Rxa6 $16 {Black must now prevent Ra7.} Qg6 40. Qa1 (40. Qxf4 Rg8 $11)) 39... Rf7 $2 {[%mdl 8192]} (39... Qg6 $11) 40. Qf5+ $18 Kg8 41. Ne5 Rf8 42. Ng6 f3 43. Qe6+ Rf7 44. Rc8+ $4 {[%mdl 8192]} (44. Ne7+ $18 Kh7 45. Qf5+ Kh8 46. Ng6+ Kh7 47. Ne5+ Kg8 48. Qxf3) 44... Kh7 $19 45. Rh8+ Kxg6 {Precision: White = 41%, Black = 58%.} 0-1

[Event "36th Zalakaros Festival 2017"]
[Site "Zalakaros"]
[Date "2017.05.20"]
[Round "3"]
[White "Rajdeep Sarkar"]
[Black "Szente Varga, Fruzsina"]
[Result "1-0"]
[WhiteElo "2312"]
[BlackElo "2190"]
[Annotator "NA"]
[PlyCount "93"]
[EventDate "2017.??.??"]
[EventType "swiss"]
[EventCountry "HUN"]
[SourceTitle "playchess.com"]
[Source "ChessBase"]
[SourceQuality "1"]
[TimeControl "40/5400+30:1800+30"]

1. d4 {[%emt 0:00:06]} Nf6 {[%emt 0:00:34]} 2. Nf3 {[%emt 0:00:06]} g6 {[%emt 0:00:12]} 3. g3 {[%emt 0:00:05]} c6 {[%emt 0:01:14]} 4. Bg2 {[%emt 0:00:12]} Bg7 {[%emt 0:00:06]} 5. O-O {[%emt 0:00:06]} O-O {[%emt 0:00:11]} 6. c4 {[%emt 0:00:04]} d5 {[%emt 0:00:06]} 7. Nbd2 {[%emt 0:00:05]} Be6 {[%emt 0:14:40]} 8. b3 {[%emt 0:01:27]} a5 {[%emt 0:00:05]} 9. e3 {[%emt 0:01:37]} a4 {[%emt 0:01:30]} 10. Ba3 {[%emt 0:00:45]} Re8 {[%emt 0:01:44]} 11. Qe2 {[%emt 0:01:21]} axb3 {[%emt 0:13:27]} 12. axb3 {[%emt 0:00:11]} Na6 {[%emt 0:00:16]} 13. Rfc1 {[%emt 0:03:34]} Nc7 {[%emt 0:15:45]} 14. h3 {[%emt 0:05:57]} h6 {[%emt 0:01:50]} 15. Ne5 {[%emt 0:03:51]} Nd7 {[%emt 0:01:30]} 16. Nd3 {[%emt 0:01:58]} f6 {[%emt 0:06:47]} 17. Bb2 {[%emt 0:08:50]} Rxa1 {[%emt 0:02:53]} 18. Rxa1 {[%emt 0:00:25]} Bf7 {[%emt 0:00:08]} 19. e4 {[%emt 0:01:09]} e5 {[%emt 0:08:12]} 20. cxd5 {[%emt 0:02:42]} cxd5 {[%emt 0:00:12]} 21. dxe5 {[%emt 0:00:14]} Nxe5 {[%emt 0:04:18]} 22. Nxe5 {[%emt 0:00:28]} fxe5 {[%emt 0:00:04]} 23. exd5 {[%emt 0:00:11]} Bxd5 {[%emt 0:02:24]} 24. Ra5 {[%emt 0:03:41]} Bxg2 {[%emt 0:06:05]} 25. Kxg2 {[%emt 0:00:05]} Ne6 {[%emt 0:00:37]} 26. Rb5 {[%emt 0:04:35]} Kh7 {[%emt 0:04:15]} 27. Qe3 {[%emt 0:06:28]} Qd7 {[%emt 0:01:24]} 28. Ra5 {[%emt 0:02:23]} Nd4 {[%emt 0:00:36]} 29. Qe4 {[%emt 0:00:54]} Rf8 {[%emt 0:01:01]} 30. Rd5 {[%emt 0:04:53]} Qf7 {[%emt 0:00:34]} 31. f3 {[%emt 0:02:12]} Rc8 {[%emt 0:01:45]} 32. Nc4 {[%emt 0:00:55]} b5 {[%emt 0:07:00]} 33. Nxe5 {[%emt 0:03:18]} Rc2+ {[%emt 0:00:32]} 34. Qxc2 {[%emt 0:01:42]} Qxd5 {[%emt 0:00:04]} 35. Qxg6+ {[%emt 0:02:24]} Kg8 {[%emt 0:00:01]} 36. Bxd4 {[%emt 0:04:49]} Qxd4 {[%emt 0:00:04]} 37. Nd3 {[%emt 0:00:34]} Qe3 {[%emt 0:04:06]} 38. h4 {[%emt 0:06:40]} Qe2+ {[%emt 0:00:26]} 39. Nf2 {[%emt 0:00:08]} Qe3 {[%emt 0:01:57]} 40. Qd3 {[%emt 0:00:00]} Qe8 {[%emt 0:00:27]} 41. Qd5+ {[%emt 0:02:11]} Kh8 {[%emt 0:01:14]} 42. Ne4 {[%emt 0:01:51]} b4 {[%emt 0:00:44]} 43. Qc5 {[%emt 0:04:13]} Qb8 {[%emt 0:00:05]} 44. Nd6 {[%emt 0:01:02]} Qf8 {[%emt 0:04:36]} 45. Qc8 {[%emt 0:01:08]} Qxc8 {[%emt 0:02:45]} 46. Nxc8 {[%emt 0:00:06]} Bf8 {[%emt 0:00:02]} 47. Nb6 {[%emt 0:00:11]} 1-0

[Event "36th Zalakaros Festival 2017"]
[Site "Zalakaros"]
[Date "2017.05.20"]
[Round "3"]
[White "Secheres, Adrian-Simion"]
[Black "Kantor, Gergely"]
[Result "1/2-1/2"]
[WhiteElo "2309"]
[BlackElo "2481"]
[Annotator "TA"]
[PlyCount "48"]
[EventDate "2017.??.??"]
[EventType "swiss"]
[EventCountry "HUN"]
[SourceTitle "playchess.com"]
[Source "ChessBase"]
[SourceQuality "1"]

{[%evp 15,48,20,32,37,48,26,41,41,28,0,16,2,4,-12,-8,-11,-4,-14,-5,-14,-14,0,-5,-3,0,0,0,-19,0,3,22,22,22,29,95]} 1. e4 e5 2. Nf3 Nc6 3. Bc4 Bc5 4. c3 Nf6 5. d3 O-O 6. O-O d5 7. exd5 Nxd5 8. Re1 Bg4 9. Nbd2 {[%cal Bb1d2,Bd2e4,Be4g3][%mdl 32] C54: Giuoco Piano: 4 c3 Nf6, main lines with 5 d4 and 5 d3} Bb6 10. h3 Bh5 11. Ne4 {White is slightly better.} f6 12. a4 a5 $146 ({Predecessor:} 12... Kh8 13. Ng3 Bf7 14. Bd2 a5 15. Nh4 Qd7 16. Qg4 Qxg4 17. hxg4 {0-1 (75) Delchev,A (2617)-Van Foreest,J (2472) Basel 2015}) 13. Ng3 (13. Be3 $5) 13... Bf7 14. Qb3 (14. Be3 $5) 14... Qd7 15. Bd2 Rad8 16. Rad1 Kh8 17. Bc1 g5 18. d4 exd4 19. cxd4 Bg6 20. Ne4 Ncb4 21. Re2 Rde8 22. Rde1 $1 c6 23. Nc5 Bxc5 24. dxc5 Qf5 {Precision: White = 50%, Black = 69%.} (24... Rxe2 $11 25. Rxe2 Rd8) 1/2-1/2

[Event "36th Zalakaros Festival 2017"]
[Site "Zalakaros"]
[Date "2017.05.20"]
[Round "3"]
[White "Krykun, Yuriy"]
[Black "Almasi, Istvan"]
[Result "0-1"]
[WhiteElo "2308"]
[BlackElo "2398"]
[Annotator "NA"]
[PlyCount "56"]
[EventDate "2017.??.??"]
[EventType "swiss"]
[EventCountry "HUN"]
[SourceTitle "playchess.com"]
[Source "ChessBase"]
[SourceQuality "1"]
[TimeControl "40/5400+30:1800+30"]

1. e4 {[%emt 0:00:01]} c5 {[%emt 0:01:23]} 2. Nf3 {[%emt 0:00:05]} e6 {[%emt 0:00:49]} 3. g3 {[%emt 0:00:09]} Nc6 {[%emt 0:02:56]} 4. Bg2 {[%emt 0:00:12]} Nf6 {[%emt 0:00:28]} 5. Qe2 {[%emt 0:00:08]} e5 {[%emt 0:00:40]} 6. O-O {[%emt 0:00:36]} Be7 {[%emt 0:00:08]} 7. c3 {[%emt 0:00:21]} O-O {[%emt 0:00:23]} 8. Na3 {[%emt 0:00:29]} d5 {[%emt 0:01:47]} 9. exd5 {[%emt 0:02:16]} Qxd5 {[%emt 0:00:16]} 10. d3 {[%emt 0:01:39]} Bf5 {[%emt 0:06:35]} 11. Rd1 {[%emt 0:01:40]} Rad8 {[%emt 0:01:51]} 12. Qe1 {[%emt 0:12:21]} Bxd3 {[%emt 0:22:07]} 13. Nxe5 {[%emt 0:16:47]} Qxe5 {[%emt 0:06:04]} 14. Bxc6 {[%emt 0:00:19]} Qh5 {[%emt 0:02:14]} 15. Bg2 {[%emt 0:08:19]} c4 {[%emt 0:01:08]} 16. Be3 {[%emt 0:08:42]} Rfe8 {[%emt 0:03:49]} 17. Nxc4 {[%emt 0:11:50]} Bxc4 {[%emt 0:00:46]} 18. Bxa7 {[%emt 0:00:06]} Bd6 {[%emt 0:04:46]} 19. Qd2 {[%emt 0:01:36]} Bxg3 {[%emt 0:13:52]} 20. fxg3 {[%emt 0:00:21]} Rxd2 {[%emt 0:00:05]} 21. Rxd2 {[%emt 0:00:02]} Bd5 {[%emt 0:04:02]} 22. Bxd5 {[%emt 0:00:30]} Nxd5 {[%emt 0:00:02]} 23. Rad1 {[%emt 0:00:09]} Re2 {[%emt 0:02:08]} 24. Bf2 {[%emt 0:00:16]} Rxd2 {[%emt 0:04:46]} 25. Rxd2 {[%emt 0:01:29]} Qf5 {[%emt 0:00:57]} 26. c4 {[%emt 0:00:43]} Qb1+ {[%emt 0:00:20]} 27. Kg2 {[%emt 0:00:27]} Qe4+ {[%emt 0:00:01]} 28. Kg1 {[%emt 0:00:41]} Qxc4 {[%emt 0:00:02]} 0-1

[Event "36th Zalakaros Festival 2017"]
[Site "Zalakaros"]
[Date "2017.05.20"]
[Round "3"]
[White "Rahul Srivatshav P"]
[Black "Bagi, Mate"]
[Result "1/2-1/2"]
[WhiteElo "2303"]
[BlackElo "2455"]
[Annotator "TA"]
[PlyCount "90"]
[EventDate "2017.??.??"]
[EventType "swiss"]
[EventCountry "HUN"]
[SourceTitle "playchess.com"]
[Source "ChessBase"]
[SourceQuality "1"]

{[%evp 10,90,41,21,34,18,36,12,9,6,15,13,22,15,23,0,47,-51,-49,-51,-51,-51,-39,-33,-7,-54,-16,-54,-35,-39,-35,-68,-52,-141,-75,-87,-7,-11,-7,-7,-7,-7,-6,-47,-43,-41,-56,-70,-63,-67,-68,-143,0,-73,-58,-64,-63,-77,-67,-67,-58,-63,-26,-98,-16,-16,-30,-85,-56,-62,-18,-19,-24,-18,-8,-8,-8,-8,0,0,0,0,0]} 1. d4 Nf6 2. c4 b6 3. Nc3 Bb7 4. Qc2 d5 5. cxd5 Nxd5 6. e4 Nxc3 {A50: Queen's Fianchetto Defence (1 d4 Nf6 2 c4 b6)} 7. bxc3 e5 8. dxe5 Qe7 9. Nf3 Nd7 10. Bf4 (10. Bb5 O-O-O 11. O-O Nxe5 12. Nd4 g6 13. a4 c5 14. a5 {1-0 (44) Gunina,V (2525)-Iturrizaga Bonelli,E (2652) London 2016}) 10... O-O-O 11. Bc4 h6 12. Bg3 Nc5 13. Nd2 (13. O-O $14) 13... g5 14. O-O-O Bg7 $146 15. f3 Bxe5 16. Nb3 Nxb3+ 17. Qxb3 f6 18. Kc2 Kb8 19. Qb4 Qg7 20. Be6 a5 21. Qb3 (21. Qc4 $15) 21... Qe7 (21... Bxg3 $142 22. hxg3 g4) 22. Bf2 {[#]} Rxd1 ({Black should play} 22... Bxh2 $1 $17 {[%mdl 512]} 23. Bf7 (23. Rxh2 Rxd1) 23... Rxd1 24. Rxd1 h5) 23. Rxd1 $11 Rd8 24. Rxd8+ $1 Qxd8 25. g3 Qd6 26. a4 Bc6 {Threatens to win with ...Bxa4!} 27. Bd5 $1 Bd7 28. Be3 Ka7 29. Bf2 Be8 30. Bf7 (30. Be3 $15) 30... Bd7 (30... Bxf7 $142 31. Qxf7 Qc6) 31. Bd5 $17 f5 32. c4 c5 33. Be1 {White wants to play Bxa5!} Ka6 34. exf5 Bxf5+ 35. Kc1 Bd7 36. Qc2 (36. Bc3 $1 $11) 36... Bg7 (36... Qe7 $17 {With the idea ...Bg7.} 37. Qe4 Bf6 38. Bb7+ Ka7 39. Qxe7 Bxe7) 37. Bc3 $1 $11 {[%cal Rc3g7]} Qe7 {White must now prevent ...Qe3+.} 38. Be4 (38. Kd2 $11 {remains equal.}) 38... Bxc3 39. Qxc3 Bxa4 40. Qh8 {Qc8+ would kill now.} Be8 41. Qxh6 a4 {The position is equal.} 42. Qh8 {[#]} g4 $1 {[%mdl 512] ...gxf3 is the strong threat.} 43. Qc3 (43. fxg4 Qxe4) 43... b5 44. cxb5+ Bxb5 45. Kb2 Kb6 {Precision: White = 54%, Black = 54%.} 1/2-1/2

[Event "36th Zalakaros Festival 2017"]
[Site "Zalakaros"]
[Date "2017.05.20"]
[Round "3"]
[White "Szabo, Marton Mihaly"]
[Black "Hradeczky, Tamas"]
[Result "1/2-1/2"]
[WhiteElo "2298"]
[BlackElo "2146"]
[Annotator "NA"]
[PlyCount "46"]
[EventDate "2017.??.??"]
[EventType "swiss"]
[EventCountry "HUN"]
[SourceTitle "playchess.com"]
[Source "ChessBase"]
[SourceQuality "1"]
[TimeControl "40/5400+30:1800+30"]

1. e4 {[%emt 0:00:03]} c5 {[%emt 0:00:40]} 2. Nf3 {[%emt 0:00:17]} d6 {[%emt 0:00:08]} 3. Bb5+ {[%emt 0:00:14]} Nd7 {[%emt 0:00:18]} 4. O-O {[%emt 0:00:17]} a6 {[%emt 0:00:47]} 5. Bd3 {[%emt 0:00:09]} Ngf6 {[%emt 0:01:44]} 6. Re1 {[%emt 0:00:25]} e6 {[%emt 0:01:20]} 7. c3 {[%emt 0:00:33]} Qc7 {[%emt 0:04:09]} 8. a4 {[%emt 0:02:49]} Be7 {[%emt 0:01:37]} 9. Bc2 {[%emt 0:01:48]} Ne5 {[%emt 0:03:27]} 10. Nxe5 {[%emt 0:04:09]} dxe5 {[%emt 0:00:17]} 11. d3 {[%emt 0:03:48]} O-O {[%emt 0:04:55]} 12. Nd2 {[%emt 0:04:55]} Bd7 {[%emt 0:02:46]} 13. a5 {[%emt 0:01:10]} Rad8 {[%emt 0:01:49]} 14. Qf3 {[%emt 0:05:59]} Kh8 {[%emt 0:05:32]} 15. Qh3 {[%emt 0:05:00]} Bb5 {[%emt 0:04:23]} 16. c4 {[%emt 0:05:42]} Be8 {[%emt 0:06:10]} 17. f4 {[%emt 0:12:07]} exf4 {[%emt 0:08:06]} 18. e5 {[%emt 0:01:22]} Ng8 {[%emt 0:02:46]} 19. Nf3 {[%emt 0:02:47]} g5 {[%emt 0:13:43]} 20. g3 {[%emt 0:14:53]} f5 {[%emt 0:06:06]} 21. exf6 {[%emt 0:03:45]} Bxf6 {[%emt 0:00:56]} 22. gxf4 {[%emt 0:03:53]} gxf4 {[%emt 0:01:10]} 23. Bd2 {[%emt 0:05:52]} Qg7+ {[%emt 0:02:47]} 1/2-1/2

[Event "36th Zalakaros Festival 2017"]
[Site "Zalakaros"]
[Date "2017.05.20"]
[Round "3"]
[White "Gazik, Igor"]
[Black "Kreisl, Robert"]
[Result "0-1"]
[WhiteElo "2292"]
[BlackElo "2448"]
[Annotator "TA"]
[PlyCount "80"]
[EventDate "2017.??.??"]
[EventType "swiss"]
[EventCountry "HUN"]
[SourceTitle "playchess.com"]
[Source "ChessBase"]
[SourceQuality "1"]

{[%evp 17,80,70,62,0,31,37,35,6,26,0,0,-29,60,-30,52,-44,-25,-20,-24,-60,-63,-60,-64,-140,-93,-455,-433,-409,-154,-151,-143,-143,-147,-143,-154,-150,-158,-145,-150,-160,-160,-149,-156,-194,-179,-317,-317,-315,-291,-290,-286,-360,-354,-377,-376,-409,-388,-500,-490,-494,-486,-605,-603,-586,-575]} 1. e4 g6 2. d4 Bg7 3. Nc3 d6 4. Be3 a6 5. Qd2 b5 6. O-O-O Bb7 {B06: Modern Defence} 7. f3 (7. h4 Nf6 8. f3 h5 9. Nh3 e6 10. Ng5 Nbd7 11. g3 Qe7 12. Bh3 Nb6 13. b3 Nfd7 14. Ne2 {1-0 (34) Dominguez Perez,L (2726)-Ponomariov,R (2714) Beijing 2014}) 7... Nd7 8. g4 h6 9. h4 Ngf6 {LiveBook: 9 Games} 10. Qg2 $146 (10. a3 $14) ({Predecessor:} 10. Kb1 c5 11. dxc5 dxc5 12. Qh2 b4 {0-1 (42) Zatonskih,A (2506)-Lagno,K (2557) Tbilisi 2012}) 10... b4 11. Nce2 $1 c5 12. dxc5 Qa5 13. Kb1 (13. c6 $142 Bxc6 14. Kb1) 13... Nxc5 $11 {[%cal Rf6e4]} 14. Nd4 $1 Qc7 (14... Na4 $11) 15. Qd2 (15. h5 $1 $14) 15... Rb8 ({Black should try} 15... h5 $11 16. g5 Nfd7) 16. Bd3 ({Better is} 16. Nh3 $14) 16... h5 17. gxh5 $1 Nxh5 18. Nh3 d5 {[%cal Rd5e4]} 19. exd5 Bxd5 20. Rhg1 (20. Be4 $15 Nxe4 21. fxe4 Bxe4 22. Rhe1) 20... Na4 21. Qe2 $2 {[%mdl 8192]} (21. Qc1 $17) 21... Bxa2+ $19 22. Kxa2 {Hoping for Bc4.} Nc3+ $2 (22... Bxd4 $19 23. Bxd4 Qa5) 23. bxc3 $17 Qa5+ $1 24. Kb1 bxc3+ 25. Bb5+ (25. Nb3 {[#] is a self mate.} Rxb3+ $1 {[%mdl 512]} 26. cxb3 c2+ $1 {[%mdl 512]} 27. Kc1 Qa1+ 28. Kd2 Bc3+ 29. Kxc2 Qb2#) 25... Rxb5+ 26. Qxb5+ axb5 27. Nc6 Qc7 28. Rd8+ Qxd8 29. Nxd8 Kxd8 30. Ng5 Ke8 31. Rg4 (31. Ka2 $142) 31... Nf6 $19 32. Rd4 e6 33. Bf2 Nd5 34. Rd1 Bf6 35. Ne4 Be7 36. Ka2 f5 37. Nc5 Bxc5 {Black is clearly winning.} 38. Bxc5 Rxh4 39. Rb1 Ra4+ 40. Kb3 Rc4 {Precision: White = 25%, Black = 57%.} 0-1

[Event "36th Zalakaros Festival 2017"]
[Site "Zalakaros"]
[Date "2017.05.20"]
[Round "3"]
[White "Chovan, Milan"]
[Black "Farago, Ivan"]
[Result "0-1"]
[WhiteElo "2288"]
[BlackElo "2411"]
[Annotator "TA"]
[PlyCount "82"]
[EventDate "2017.??.??"]
[EventType "swiss"]
[EventCountry "HUN"]
[SourceTitle "playchess.com"]
[Source "ChessBase"]
[SourceQuality "1"]

{[%evp 10,82,0,-25,0,1,2,-6,0,-10,7,7,0,4,7,4,21,-16,0,-26,19,23,19,18,25,15,62,0,0,-35,-22,-44,-32,-36,-22,-53,-32,-66,-61,-87,-76,-74,-86,-77,-25,-108,-68,-143,-105,-268,-252,-247,-254,-264,-264,-325,-311,-426,-426,-431,-431,-367,-301,-295,-288,-259,-279,-288,-289,-278,-279,-29993,-29994,-29994,-939]} 1. c4 Nf6 2. Nc3 e5 3. Nf3 Nc6 4. a3 d5 5. cxd5 Nxd5 6. d3 {LiveBook: 46 Games} Bg4 {A28: English Opening: Four Knights Variation} 7. e3 Qd7 8. h3 Be6 {The position is equal.} 9. Bd2 Be7 $146 ({Predecessor:} 9... f6 10. Qc2 O-O-O 11. Na4 Nb6 12. Nc5 Bxc5 13. Qxc5 Qf7 14. e4 {1-0 (48) Rowson,J (2585)-Ansell,S (2405) Hinckley Island 2009}) 10. b4 a6 11. Be2 f5 12. Nxd5 Qxd5 13. Rc1 O-O 14. O-O Rad8 15. Bc3 Bf6 16. Nd2 Qd7 17. Qc2 e4 18. d4 (18. dxe4 $14 Bxc3 19. Nb3 Nxb4 20. axb4 Bxb4 21. Rfd1) 18... Ne7 $11 {[%cal Bc6e7,Be7c8,Bc8d6,Bd6c4][%mdl 32]} 19. Bb2 c6 20. Rfe1 Kh8 21. Bf1 Bd5 22. Be2 Nc8 23. Bc4 Nd6 24. Bf1 Qe6 25. Nc4 Nxc4 26. Bxc4 Rc8 (26... Be7 $17) 27. Bf1 (27. Bxd5 $11 Qxd5 28. Qc5) 27... Be7 $17 28. Bc3 ({White should play} 28. Bc4 $15) 28... Bd6 29. g3 $2 {[#]} (29. Bd2 $17) 29... g5 $19 30. Bg2 Rce8 31. Bd2 Qg6 32. Kh1 Qh6 33. Kg1 f4 34. exf4 gxf4 35. Bxf4 Bxf4 36. gxf4 Rg8 {[%cal Bf8g8,Bg8g5,Bg5g2][%mdl 32]} ({Don't do} 36... Rxf4 37. Re3 $17) 37. Re3 Qxf4 38. Kh1 Rg5 39. Rce1 Reg8 40. Bxe4 $2 {[#]} (40. Rg1 $19) 40... Rg2 $1 {[%csl Gf4][%cal Rg2h2][%mdl 512]} 41. Rg3 (41. Bxg2 Rxg2) 41... Qxg3 {Precision: White = 33%, Black = 67%.} (41... R2xg3 $142 42. fxg3 Qxg3 43. Qg2 Bxe4 44. Re2 Bxg2+ 45. Kg1 Bxh3+ 46. Kh1 Qg1#) 0-1

[Event "36th Zalakaros Festival 2017"]
[Site "Zalakaros"]
[Date "2017.05.20"]
[Round "3"]
[White "Marosi, Levente"]
[Black "Kosakowski, Jakub"]
[Result "1/2-1/2"]
[WhiteElo "2286"]
[BlackElo "2369"]
[Annotator "TA"]
[PlyCount "141"]
[EventDate "2017.??.??"]
[EventType "swiss"]
[EventCountry "HUN"]
[SourceTitle "playchess.com"]
[Source "ChessBase"]
[SourceQuality "1"]

{[%evp 25,141,3,25,24,22,25,25,25,27,19,20,13,16,16,15,3,53,45,163,95,69,37,37,37,37,37,37,34,104,93,92,84,98,94,100,97,175,175,175,171,167,155,180,177,167,192,188,192,187,184,186,183,169,147,143,143,139,129,127,25,31,26,34,30,45,39,34,34,47,0,42,35,31,32,29,17,70,30,76,60,95,89,89,0,166,158,163,0,0,0,156,0,0,3,6,0,4,0,0,0,0,0,0,0,0,0,0,0,0,0,20,0,3,3,11,0,0,0]} 1. e4 c5 2. c3 d5 3. exd5 Qxd5 4. d4 Nf6 5. Nf3 Bg4 6. Be2 e6 7. h3 Bh5 8. O-O Nc6 9. Be3 cxd4 10. cxd4 Be7 11. Nc3 Qd6 12. Qb3 O-O 13. Rfd1 Nb4 {LiveBook: 19 Games} 14. d5 {B22: Sicilian: 2 c3} (14. Nb5 Qd8 15. d5 Nbxd5 16. Bxa7 b6 17. Rac1 Bc5 18. Qa4 Qe7 19. g4 Bg6 20. Ne5 Bxf2+ 21. Kh1 Be4+ {0-1 (29) Sochacki,C (2416)-Moiseenko,A (2649) Paris 2016}) 14... Nbxd5 15. g4 $1 {[%cal Rg4h5]} Bg6 16. g5 {White has an edge.} Nd7 $146 ({Predecessor:} 16... Ne4 17. Nxd5 exd5 18. Rxd5 Qe6 19. Kg2 Rad8 20. Rxd8 Rxd8 21. Qxe6 fxe6 {½-½ (58) Moura de Lima,W (2164)-Alboredo,J (2049) Sao Paulo 2017}) 17. Nxd5 exd5 18. Qxd5 Qxd5 19. Rxd5 Nb6 20. Rb5 Rac8 21. a4 Rfd8 ({Better is} 21... Rfe8 $14) 22. Ne5 (22. a5 $18) 22... Be4 $16 23. Bf3 (23. Re1 $5 {[%cal Re2g4]}) 23... Bxf3 24. Nxf3 Rd5 25. Rxd5 Nxd5 26. Bxa7 Bc5 (26... Rc4 $14) 27. Bxc5 Rxc5 {[%mdl 4096] Endgame KRN-KRN} 28. Rd1 f6 29. Rd4 Kf7 30. Kg2 {Threatens to win with b4.} Ne7 (30... Ke6 $16) 31. gxf6 $18 gxf6 32. Rb4 Rc7 33. Nd4 Rd7 {intending ...Nd5.} 34. Nb3 Nd5 35. Rd4 b6 36. Nc1 Ke6 37. Nd3 Rb7 38. Kf3 Ne7 39. Rb4 {Strongly threatening Nc5+!} Nc6 40. Re4+ Kd6 41. Nb4 Ne5+ 42. Ke3 (42. Ke2 $16) 42... b5 $1 $11 43. axb5 Rxb5 44. Rd4+ Ke6 45. f4 Nf7 46. Re4+ Kd7 47. Rd4+ Nd6 48. Kf3 Ke6 49. Nd3 Rb3 50. Kg4 Rb8 (50... Ke7 $11) 51. f5+ Ke7 52. Nb4 Rg8+ 53. Kf4 {Hoping for Nd5+.} Rg5 54. Nd5+ $1 Kf7 $2 (54... Kf8 $1 $11) 55. Ne3 $18 Ke7 56. Nd5+ $2 ({White must play} 56. h4 $1 $18 {[%cal Rh4g5]} Rg1 57. Nd5+ Kf7 58. Ne3) 56... Kf7 $11 57. Ne3 $2 (57. Kf3 $11) 57... Ke7 $16 {[#]} 58. Ra4 $2 ({White should try} 58. h4 $1 $16 Rg1 59. Nd5+ Kf7 {[#]} 60. Nxf6 $1 {[%mdl 512]}) 58... Rh5 $11 {The position is equal.} 59. Kg4 Rg5+ 60. Kf4 {Black must now prevent Ra7+.} Rh5 61. Ra7+ Ke8 62. Kg4 Rg5+ 63. Kf4 Rh5 $1 64. Ra8+ Kd7 65. Kg4 Rg5+ 66. Kf4 {aiming for Ra7+.} Rh5 $1 67. Ra7+ Ke8 68. Ra6 Kd7 69. Kg4 Rg5+ 70. Kf4 Rh5 71. Ra7+ {Precision: White = 63%, Black = 58%.} 1/2-1/2

[Event "36th Zalakaros Festival 2017"]
[Site "Zalakaros"]
[Date "2017.05.20"]
[Round "3"]
[White "Krstulovic, Alex"]
[Black "Lazarne Vajda, Szidonia"]
[Result "1/2-1/2"]
[WhiteElo "2280"]
[BlackElo "2357"]
[Annotator "NA"]
[PlyCount "46"]
[EventDate "2017.??.??"]
[EventType "swiss"]
[EventCountry "HUN"]
[SourceTitle "playchess.com"]
[Source "ChessBase"]
[SourceQuality "1"]
[TimeControl "40/5400+30:1800+30"]

1. d4 {[%emt 0:00:03]} d5 {[%emt 0:01:50]} 2. c4 {[%emt 0:00:07]} c6 {[%emt 0:00:07]} 3. cxd5 {[%emt 0:01:06]} cxd5 {[%emt 0:01:00]} 4. Bf4 {[%emt 0:00:09]} Nc6 {[%emt 0:02:02]} 5. e3 {[%emt 0:00:15]} Nf6 {[%emt 0:01:11]} 6. Nc3 {[%emt 0:00:28]} Bf5 {[%emt 0:00:50]} 7. Nf3 {[%emt 0:01:46]} e6 {[%emt 0:01:03]} 8. Bb5 {[%emt 0:01:44]} Nd7 {[%emt 0:02:03]} 9. Ne5 {[%emt 0:08:26]} Ndxe5 {[%emt 0:14:09]} 10. Bxe5 {[%emt 0:00:11]} Rc8 {[%emt 0:00:24]} 11. Bg3 {[%emt 0:04:31]} Bb4 {[%emt 0:05:49]} 12. Rc1 {[%emt 0:03:36]} Qa5 {[%emt 0:05:22]} 13. Qa4 {[%emt 0:06:41]} a6 {[%emt 0:03:34]} 14. Qxa5 {[%emt 0:00:19]} Bxa5 {[%emt 0:00:04]} 15. Be2 {[%emt 0:04:47]} Kd7 {[%emt 0:15:02]} 16. O-O {[%emt 0:06:36]} Bxc3 {[%emt 0:03:18]} 17. Rxc3 {[%emt 0:04:36]} Na5 {[%emt 0:00:44]} 18. Rfc1 {[%emt 0:01:41]} Rxc3 {[%emt 0:00:05]} 19. Rxc3 {[%emt 0:00:04]} Rc8 20. Rxc8 {[%emt 0:01:40]} Kxc8 {[%emt 0:00:09]} 21. f3 {[%emt 0:21:59]} Bb1 {[%emt 0:02:41]} 22. a3 {[%emt 0:00:41]} Kd7 {[%emt 0:03:22]} 23. Be1 {[%emt 0:01:00]} Nc4 {[%emt 0:00:23]} 1/2-1/2